000 00596nam a2200169Ia 4500
008 220216s9999 xx 000 0 und d
100 _aShyamala V K
245 0 _aComparison of dissolution pattern of rock phosphates and their evaluation in seedling nurseries of rubber
260 _bProceedings of National Symposium on the use of phosphate rock for sustainable agriculture, April 24-25, 1995. p182-185
650 _aRock phosphate
650 _aSeedling nursery
700 _aPunnoose K I
700 _aSudhakumari B
700 _aSuresh P R
700 _aVarghese Philip
942 _cJS
999 _c55996
_d55996